000 01130nam a2200241Ia 4500
001 15703
003 GE_BSU
008 181216s||||||||xx |||||||||||||| ||und||
040 _cGE_BSU
080 _a821.353.1-1
100 _aწერეთელი, ნუგზარ
245 _aფიქრიანი შემოდგომა
245 _bლექსები
245 _cრედ.ზ.კილაძე. მხატვ.გ.წერეთელი
260 _aთბილისი
260 _bსაბჭ. საქართველო
260 _c1987
300 _a167გვ. ; 16სმ.
653 _aლექსები
653 _aუპირველესი არის მამული; გზებზე დაწერილი სტრიქონები; ლირიკული რვეულის ფურცლებიდან; ტკივილით სავსე გახსენებები; სხვადასხვა რკალის ლექსები
653 _aფიქრიანი შემოდგომა
942 _cBK
999 _c48801
_d48801